| 000 | 03459njm0a2200601 4500 | ||
|---|---|---|---|
| 001 | RU\NLR\ONIZ\303042 | ||
| 005 | 20250708193947.0 | ||
| 035 | _a(NLR Aleph) 022065990 | ||
| 071 | 0 | 0 | _aА10 00729-30 009 |
| 090 |
_a13285498 _c13285498 |
||
| 100 | _a20231029d1991 |||y0rusy50 ca | ||
| 102 | _aRU | ||
| 126 |
_aabbxexu ux _bxxx |
||
| 127 | _a004000 | ||
| 135 | _ahonoannnanndn | ||
| 200 | 1 |
_aМесса Ля мажор _bЗвукозапись _eсоч. 12 _fС. Франк _gисполняют: Н. Фурманкова, орган, Р. Сакалаускайте, арфа, А. Оратовский, виолончель, В. Малинов, контрабас, Хор студентов Ленинградского государственного университета, дирижер Григорий Сандлер |
|
| 203 |
_aМузыка _bисполнительская _cаудио |
||
| 210 |
_aМосква _cМелодия _d1991 _gЗавод грампластинок _eЛенинград |
||
| 215 |
_a1 грп. [ГОСТ 5289-88] (40 мин) : 33 об/мин, стерео _d30 см, в конв |
||
| 300 | _aЗапись 1989 г | ||
| 325 | _aКопия доступна в электронной библиотеке РНБ | ||
| 606 | 1 |
_aМессы французские _z19 век _jЗвукозапись _2nlr_sh |
|
| 606 | 1 |
_aХоры смешанные советские и российские _z20-21 вв. _jЗвукозапись _2nlr_sh |
|
| 606 | 1 |
_aДирижёры советские российские _z20-21 вв. _jЗвукозапись _2nlr_sh |
|
| 686 | 0 | _aЩ969(4Фр) | |
| 700 | 1 |
_9z01790 _aФранк _bС. _cкомпозитор _f1822-1890 _gСезар _4230 _7ca |
|
| 702 | 1 |
_9z03790 _aСандлер _bГ. М. _f1912-1994 _gГригорий Моисеевич _4250 _7ba |
|
| 702 | 1 |
_9z04790 _aОратовский _bА. С. _f1950- _gАлександр Семёнович _4590 _4svc _7ca |
|
| 702 | 1 |
_9z05790 _aФурманкова _bН. _cорган _gНаталья _4590 _4kor _7ca |
|
| 702 | 1 |
_9z06790 _aСакалаускайте _bР. _cарфа _gРауна _4590 _4tha _7ca |
|
| 702 | 1 |
_9z07790 _aМалинов _bВ. _cконтрабас _gВалентин _4590 _4sdb _7ca |
|
| 712 | 0 | 2 |
_aХор студентов Ленинградского государственного университета _4590 _7ca |
| 790 | 1 |
_9z01700 _aFranck _bC. _ccomposer _f1822-1890 _gCésar _4230 _7ba |
|
| 790 | 1 |
_9z03702 _aSandler _bG. _f1912-1994 _gGrigorij _4250 _7ba |
|
| 790 | 1 |
_9z04702 _aOratovskij _bA. S. _f1950- _gAleksandr Semenovich _4590 _4svc _7ba |
|
| 790 | 1 |
_9z05702 _aFurmankova _bN. _corgan _gNatal`ja _4590 _4kor _7ba |
|
| 790 | 1 |
_9z06702 _aSakalauskaite _bR. _carfa _gRamuna _4590 _4tha _7ba |
|
| 790 | 1 |
_9z07702 _aMalinov _bV. _cdouble-bass _gValentin _4590 _4sdb _7ba |
|
| 801 | 0 |
_aRU _bNLR _c20231029 _gPSBO |
|
| 801 | 1 |
_aRU _bNLR _c20231029 _2rusmarc |
|
| 801 | 2 |
_aRU _bNLR _c20240215 |
|
| 852 |
_aNLR _bМг _j3/9550 _p41348 _t2 |
||
| 852 |
_aNLR _bМг _j3/8977 _p41090 _t1 |
||
| 856 | 0 | _uhttps://vivaldi.nlr.ru/mk000001313/view | |
| 856 | 1 | _uhttps://vivaldi.nlr.ru/mk000001313/cover | |
| 856 | 2 | _uhttps://vivaldi.nlr.ru/mk000001313/text | |
| 942 | _cREC | ||
| 980 | _aNB | ||
| 980 | _aONIZ | ||
| 981 | 2 | 4 |
_a(24) Нотные издания и аудиозаписи _b(24) Грампластинки |